TTC Subway stations - Statistics

General Stats
  • This quiz has been taken 1,057 times
  • The average score is 51 of 75
Answer Stats
Answer % Correct
Union
92%
Queen
91%
King
90%
Dundas
88%
Finch
86%
Spadina
86%
St George
86%
Bay
84%
Bloor-Yonge
83%
Kipling
83%
Eglinton
82%
Kennedy
81%
Museum
81%
College
79%
Lawrence
78%
St Andrew
78%
Islington
76%
St Clair
76%
St Patrick
75%
Yorkdale
74%
Bathurst
73%
Eglinton West
73%
Osgoode
72%
Jane
71%
Rosedale
71%
Queen's Park
70%
Scarborough Centre
70%
Pape
69%
Don Mills
68%
Dufferin
68%
Dundas West
68%
Lawrence West
68%
Sheppard-Yonge
68%
St Clair West
68%
Castle Frank
67%
High Park
67%
Ossington
67%
Wellesley
67%
407
66%
Christie
66%
York University
66%
Yorkmills
65%
Keele
64%
North York Centre
64%
Old Mill
64%
Sheppard West
64%
Victoria Park
64%
Finch West
63%
Vaughan Metropolitan Centre
63%
Wilson
63%
Davisville
62%
Leslie
62%
Royal York
62%
Summerhill
62%
Dupont
61%
Pioneer Village
61%
Runnymede
61%
Sherbourne
61%
Bayview
60%
Main Street
60%
Warden
60%
Broadview
58%
Bessarion
57%
Chester
56%
Donlands
56%
Lansdowne
56%
Woodbine
56%
Downsview Park
55%
Glencairn
55%
Coxwell
53%
McCowan
53%
Greenwood
51%
Lawrence East
50%
Ellesmere
46%
Midland
41%
No matching quizzes found
Score Distribution
Percent of People with Each Score
Percentile by Number Answered
Your Score History
You have not taken this quiz